[Event "Central European zonal 2 (w)"]
[Site "Graz AUT"]
[Date "1991.??.??"]
[Round "?"]
[White "Kunze, Kerstin"]
[Black "Lematschko, Tatjana"]
[Result "1/2-1/2"]
[WhiteElo "2160"]
[BlackElo "2290"]
[EventDate "1991.??.??"]
[PlyCount "98"]

1.d4 f5 2.g3 Nf6 3.Bg2 e6 4.Nf3 Be7 5.O-O O-O 6.c4 d5 7.Nc3 c6 8.Ne5 Nbd7 
9.Nd3 Ne4 10.f3 Nd6 11.c5 Nf7 12.b4 e5 13.dxe5 Nfxe5 14.Nxe5 Nxe5 15.f4 
Ng4 16.h3 Nf6 17.Be3 Be6 18.Bd4 Nd7 19.Qc2 Bf6 20.e3 Qe8 21.Kh2 Qg6 22.a4 
a6 23.b5 axb5 24.axb5 Be7 25.bxc6 bxc6 26.Na4 Rab8 27.Nb6 Nxb6 28.cxb6 c5 
29.Ra7 cxd4 30.Rxe7 Rxb6 31.Qc5 Rb2 32.Qxd4 Rc2 33.Ra1 Re8 34.Rb7 Qf6 35.
Raa7 Qxd4 36.exd4 Kh8 37.Re7 Rxe7 38.Rxe7 Bg8 39.g4 Rd2 40.gxf5 Rxd4 41.
Kg3 h5 42.Rd7 Ra4 43.Rd8 Kh7 44.Rd7 Ra6 45.Kh4 Kh6 46.Bf3 Rf6 47.Bxd5 Bh7 
48.Rf7 Rxf5 49.Rxf5 Bxf5 1/2-1/2

[Event "Central European zonal 2 (w)"]
[Site "Graz AUT"]
[Date "1991.??.??"]
[Round "?"]
[White "Kunze, Kerstin"]
[Black "Mira, Helene"]
[Result "1-0"]
[WhiteElo "2160"]
[BlackElo "2140"]
[EventDate "1991.??.??"]
[PlyCount "88"]

1.g3 g6 2.Bg2 Bg7 3.e4 Nf6 4.d4 c6 5.Ne2 O-O 6.O-O d6 7.h3 e5 8.a4 Re8 9.
Nbc3 a5 10.Bg5 h6 11.Be3 Na6 12.dxe5 dxe5 13.Qxd8 Rxd8 14.Rfd1 Rxd1+ 15.
Rxd1 Be6 16.Nc1 Nd7 17.Bf1 Bf8 18.Be2 h5 19.Kg2 Bc5 20.Bxa6 Rxa6 21.Rxd7 
Bxd7 22.Bxc5 b5 23.Nd3 f6 24.Be3 Ra8 25.Nc5 Be8 26.b3 bxa4 27.N3xa4 Rd8 
28.Nd3 Bf7 29.Bb6 Ra8 30.Ndc5 f5 31.f3 g5 32.exf5 g4 33.hxg4 hxg4 34.fxg4 
Bd5+ 35.Kf2 Kf7 36.c4 Bh1 37.Nd7 e4 38.g5 Ke7 39.Ne5 Kd6 40.Ng4 Rb8 41.Nh6
e3+ 42.Bxe3 Rxb3 43.Bf4+ Ke7 44.f6+ Ke8 1-0

[Event "Central European zonal 2 (w)"]
[Site "Graz AUT"]
[Date "1991.??.??"]
[Round "?"]
[White "Kunze, Kerstin"]
[Black "Segal, Anna"]
[Result "1/2-1/2"]
[WhiteElo "2160"]
[BlackElo "2095"]
[EventDate "1991.??.??"]
[PlyCount "75"]

1.e4 c5 2.Nf3 Nc6 3.d4 cxd4 4.Nxd4 e5 5.Nb5 d6 6.N1c3 a6 7.Na3 b5 8.Nd5 
Nge7 9.c4 Nd4 10.Bd3 Nxd5 11.cxd5 g6 12.O-O Bg7 13.Nc2 Nxc2 14.Qxc2 O-O 
15.a4 Bd7 16.axb5 Bxb5 17.Bxb5 axb5 18.Rxa8 Qxa8 19.Be3 f5 20.f3 Rc8 21.
Qb3 f4 22.Bf2 Qa6 23.g3 Bh6 24.g4 Bg5 25.Rb1 Rc4 26.Qa3 Ra4 27.Qd3 Rc4 28.
b3 Rc8 29.Qd1 Qa2 30.Ra1 Qb2 31.Rb1 Qc3 32.Be1 Qc5+ 33.Bf2 Qa3 34.Be1 Qc5+
35.Bf2 Qa3 36.Ra1 Qb2 37.Rb1 Qa3 38.Ra1 1/2-1/2

[Event "Central European zonal 2 (w)"]
[Site "Graz AUT"]
[Date "1991.??.??"]
[Round "?"]
[White "Lematschko, Tatjana"]
[Black "Baumann, Claude"]
[Result "1/2-1/2"]
[WhiteElo "2290"]
[BlackElo "2085"]
[EventDate "1991.??.??"]
[PlyCount "82"]

1.d4 Nf6 2.c4 g6 3.f3 Bg7 4.e4 d6 5.Be3 Nbd7 6.Qd2 c5 7.Ne2 Rb8 8.dxc5 
Nxc5 9.Nbc3 a6 10.e5 Ng8 11.exd6 Qxd6 12.Qxd6 exd6 13.Rd1 Ne7 14.Rxd6 Ne6 
15.Ba7 Ra8 16.Bf2 Nf5 17.Rd3 O-O 18.g4 Ne7 19.Nd5 Nc6 20.b3 b5 21.f4 bxc4 
22.bxc4 Rb8 23.Rb3 Rxb3 24.axb3 Re8 25.Kd2 Rd8 26.Kc2 Bb7 27.Bg2 Nb4+ 28.
Kb1 Nxd5 29.cxd5 Bxd5 30.Bxd5 Rxd5 31.Kc2 Nc5 32.Nc1 Ne4 33.Be3 Rd7 34.Ne2
Kf8 35.h3 f5 36.gxf5 gxf5 37.b4 Kf7 38.Rb1 Rc7+ 39.Kd3 Nc3 40.Nxc3 Rxc3+ 
41.Kd2 Rc6 1/2-1/2

[Event "Central European zonal 2 (w)"]
[Site "Graz AUT"]
[Date "1991.??.??"]
[Round "?"]
[White "Lematschko, Tatjana"]
[Black "Jahn, Constanze"]
[Result "1/2-1/2"]
[WhiteElo "2290"]
[BlackElo "2175"]
[EventDate "1991.??.??"]
[PlyCount "117"]

1.d4 Nf6 2.Nf3 e6 3.e3 b6 4.Bd3 Bb7 5.Nbd2 c5 6.O-O d6 7.Qe2 Be7 8.dxc5 
dxc5 9.b3 O-O 10.Bb2 Nbd7 11.Rad1 Qc7 12.e4 Rfd8 13.g3 a6 14.a3 b5 15.c4 
b4 16.a4 Rac8 17.Bc2 Nf8 18.Nh4 Qc6 19.f3 Rc7 20.e5 Ne8 21.Be4 Qb6 22.Bxb7
Qxb7 23.Ne4 Rcd7 24.Ng2 f5 25.exf6 Nxf6 26.Nf2 Qc6 27.Rxd7 Rxd7 28.Nf4 Bd8
29.N2d3 Bc7 30.Be5 Rd8 31.Bxc7 Qxc7 32.Qe3 Qd6 33.Nxc5 e5 34.Ng2 Rc8 35.
Nd3 N8d7 36.Rd1 a5 37.Rc1 Re8 38.Nf2 Nc5 39.Rd1 Qc6 40.Ne1 e4 41.f4 Nxb3 
42.Qxb3 e3 43.c5+ Kh8 44.Nfd3 e2 45.Rc1 Qe4 46.Nf2 Qc6 47.Rc2 h6 48.Qa2 
Re3 49.Rxe2 Qxc5 50.Rxe3 Qxe3 51.Nd3 Ng4 52.Kg2 Nxf2 53.Nxf2 Qa3 54.Qd5 
Qxa4 55.Qd8+ Kh7 56.Qd3+ Kh8 57.Qd8+ Kh7 58.Qd3+ Kh8 59.Qd8+ 1/2-1/2

[Event "Central European zonal 2 (w)"]
[Site "Graz AUT"]
[Date "1991.??.??"]
[Round "?"]
[White "Lematschko, Tatjana"]
[Black "Podrazhanskaya, Olga"]
[Result "1-0"]
[WhiteElo "2290"]
[BlackElo "2100"]
[EventDate "1991.??.??"]
[PlyCount "55"]

1.d4 Nf6 2.c4 e6 3.f3 d5 4.cxd5 exd5 5.Nc3 Nc6 6.e3 Bd6 7.a3 Bf5 8.b4 a6 
9.Bd3 Qd7 10.Nge2 Ne7 11.e4 dxe4 12.fxe4 Bg6 13.Bb1 Qg4 14.e5 Qxg2 15.Rg1 
Qxh2 16.Bf4 Qh3 17.exd6 Ned5 18.Qd2 O-O 19.Bxg6 hxg6 20.O-O-O cxd6 21.Kb2 
Nxc3 22.Nxc3 Rac8 23.Bg5 a5 24.b5 Nh5 25.Rh1 Qf5 26.Rhf1 Qh3 27.Nd5 Qd7 
28.Qd3 1-0

[Event "Central European zonal 2 (w)"]
[Site "Graz AUT"]
[Date "1991.??.??"]
[Round "?"]
[White "Lematschko, Tatjana"]
[Black "Weiss, Ursula"]
[Result "1/2-1/2"]
[WhiteElo "2290"]
[BlackElo "2055"]
[EventDate "1991.??.??"]
[PlyCount "75"]

1.e4 c5 2.Nc3 Nc6 3.g3 g6 4.Bg2 Bg7 5.d3 d6 6.Be3 e6 7.Qd2 Nge7 8.Bh6 Bxh6
9.Qxh6 Nd4 10.O-O-O Rb8 11.h4 b5 12.h5 Rf8 13.Nce2 Qa5 14.Nxd4 cxd4 15.Kb1
Rb6 16.Ne2 Ra6 17.Nc1 e5 18.Bh3 Bxh3 19.Rxh3 Nc6 20.Qxh7 gxh5 21.Qf5 Qc7 
22.Qxh5 Nb4 23.Qe2 Rc6 24.Rd2 a5 25.f4 a4 26.a3 Na6 27.Na2 Qa5 28.c3 dxc3 
29.bxc3 Nc5 30.Nb4 Nb3 31.Nxc6 Qxc3 32.Qd1 Nxd2+ 33.Ka2 Nb3 34.Nb4 Nc1+ 
35.Kb1 Nb3 36.Ka2 Nc1+ 37.Kb1 Nb3 38.Ka2 1/2-1/2

[Event "Central European zonal 2 (w)"]
[Site "Graz AUT"]
[Date "1991.??.??"]
[Round "?"]
[White "Mira, Helene"]
[Black "Baumann, Claude"]
[Result "1-0"]
[WhiteElo "2140"]
[BlackElo "2085"]
[EventDate "1991.??.??"]
[PlyCount "109"]

1.Nf3 Nf6 2.g3 g6 3.Bg2 Bg7 4.O-O O-O 5.d4 d5 6.c4 c6 7.Ne5 Nbd7 8.Nxd7 
Bxd7 9.Qb3 Qb6 10.Qxb6 axb6 11.cxd5 Nxd5 12.Bxd5 cxd5 13.e3 Rfc8 14.Bd2 e6
15.Nc3 b5 16.Rfc1 Bf8 17.Ne2 Rc4 18.Kf1 Bd6 19.b3 Rxc1+ 20.Nxc1 h5 21.Nd3 
Kf8 22.Bb4 Bxb4 23.Nxb4 Ke7 24.h4 Kd6 25.f4 f6 26.Ke2 Rc8 27.Kd2 Ra8 28.
Rc1 Bc6 29.Kc3 Bd7 30.Rc2 Rc8+ 31.Kb2 Rxc2+ 32.Nxc2 Kc6 33.Kc3 Kb6 34.Kb4 
Bc6 35.Ne1 Bd7 36.Nd3 Bc8 37.Nc5 Kc6 38.Nd3 Kb6 39.f5 exf5 40.Nf4 Kc6 41.
Nxg6 Be6 42.Nf4 Bf7 43.Ka5 b6+ 44.Ka6 Be8 45.Nd3 f4 46.Nxf4 Bf7 47.Nd3 Be6
48.Nb4+ Kc7 49.Kxb5 Kb7 50.Nd3 Bd7+ 51.Kb4 Kc6 52.a4 Bg4 53.a5 Be2 54.Nf4 
bxa5+ 55.Kxa5 1-0

[Event "Central European zonal 2 (w)"]
[Site "Graz AUT"]
[Date "1991.??.??"]
[Round "?"]
[White "Mira, Helene"]
[Black "Jahn, Constanze"]
[Result "0-1"]
[WhiteElo "2140"]
[BlackElo "2175"]
[EventDate "1991.??.??"]
[PlyCount "78"]

1.Nf3 Nf6 2.g3 d5 3.Bg2 e6 4.b3 c5 5.c4 d4 6.O-O Nc6 7.Bb2 Be7 8.e3 e5 9.
d3 dxe3 10.Nxe5 Nxe5 11.Bxe5 exf2+ 12.Kh1 O-O 13.Qd2 Ng4 14.d4 Bg5 15.Bf4 
Bxf4 16.Qxf4 Qxd4 17.Qxd4 cxd4 18.Bf3 Re8 19.Nd2 Re3 20.Kg2 d3 21.h3 Rxf3 
22.Kxf3 Nh2+ 23.Kg2 Nxf1 24.Rxf1 Bd7 25.g4 Re8 26.Rxf2 Bc6+ 27.Kf1 Re3 28.
Rh2 Kf8 29.Kf2 Re6 30.h4 Ke7 31.b4 Re2+ 32.Kg3 Rxh2 33.Kxh2 Kd6 34.Kg3 Ke5
35.b5 Bd7 36.Nb3 Be6 37.Nd2 Kd4 38.Kf3 Bxc4 39.a4 Bd5+ 0-1

[Event "Central European zonal 2 (w)"]
[Site "Graz AUT"]
[Date "1991.??.??"]
[Round "?"]
[White "Mira, Helene"]
[Black "Kas-Fromm, Rita"]
[Result "1/2-1/2"]
[WhiteElo "2140"]
[BlackElo "2260"]
[EventDate "1991.??.??"]
[PlyCount "148"]

1.Nf3 e6 2.g3 f5 3.Bg2 Nf6 4.O-O Be7 5.d4 O-O 6.b3 d5 7.Bb2 c6 8.Ne5 Nbd7 
9.Nd3 Bd6 10.Nd2 Qe7 11.Nf3 b6 12.Nfe5 Bb7 13.c4 Rfd8 14.Rc1 Rac8 15.e3 
Ne4 16.Nxd7 Rxd7 17.f3 Nf6 18.c5 Bb8 19.Re1 Qd8 20.b4 Ba6 21.Ne5 Rb7 22.
cxb6 Qxb6 23.a3 Bxe5 24.dxe5 Nd7 25.Bd4 c5 26.bxc5 Nxc5 27.e4 Qa5 28.exd5 
exd5 29.f4 Bc4 30.Rxc4 dxc4 31.Bxb7 Nxb7 32.Bf2 Rd8 33.Qb1 Nc5 34.Qxf5 Nd3
35.Qe6+ Kh8 36.Rd1 Qa4 37.Rd2 Rb8 38.Qd6 Qb5 39.h4 h6 40.e6 Qb1+ 41.Kh2 
Nxf2 42.Rxf2 Rb2 43.Rxb2 Qxb2+ 44.Kh3 Qe2 45.e7 h5 46.Qb8+ Kh7 47.Qxa7 
Qf1+ 48.Kh2 Qe2+ 49.Kg1 Qe1+ 50.Kg2 Qe2+ 51.Qf2 Qxe7 52.Qc2+ Kh8 53.Qxc4 
Qxa3 54.Qc8+ Kh7 55.Qf5+ g6 56.Qf7+ Kh6 57.f5 Qb2+ 58.Kh3 gxf5 59.Qe6+ Kg7
60.Qe7+ Kg8 61.Qg5+ Qg7 62.Qxh5 Qd7 63.Qg6+ Kh8 64.h5 Qd5 65.Qh6+ Kg8 66.
Qg6+ Kh8 67.Kh4 Qd8+ 68.Qg5 Qd4+ 69.Qf4 Qd8+ 70.Kh3 Qd5 71.Qb8+ Kh7 72.Kh4
Qd4+ 73.Kg5 Qg7+ 74.Kxf5 Qf8+ 1/2-1/2

[Event "Central European zonal 2 (w)"]
[Site "Graz AUT"]
[Date "1991.??.??"]
[Round "?"]
[White "Mira, Helene"]
[Black "Lematschko, Tatjana"]
[Result "0-1"]
[WhiteElo "2140"]
[BlackElo "2290"]
[EventDate "1991.??.??"]
[PlyCount "82"]

1.Nf3 Nf6 2.g3 b5 3.Bg2 Bb7 4.O-O e6 5.d4 c5 6.c3 a5 7.Na3 b4 8.Nb5 Qb6 9.
a4 d5 10.cxb4 axb4 11.dxc5 Bxc5 12.Bf4 Na6 13.Be5 O-O 14.b3 Ne4 15.e3 f6 
16.Bb2 e5 17.Re1 Qe6 18.Nd2 Ng5 19.Rc1 Bb6 20.Qe2 Rac8 21.h4 Ne4 22.Bxe4 
dxe4 23.Rxc8 Rxc8 24.Nc4 Bc5 25.Rc1 Bf8 26.Na5 Rxc1+ 27.Bxc1 Bd5 28.Qc2 
Qb6 29.Nc4 Qc6 30.Bd2 Nb8 31.Qa2 Qc5 32.Kf1 Nc6 33.Nc7 Bxc4+ 34.bxc4 Na5 
35.Ne6 b3 36.Qa1 Qxc4+ 37.Ke1 Bb4 38.Qd1 b2 39.Bxb4 Qxb4+ 40.Ke2 Qc4+ 41.
Ke1 Qc1 0-1

[Event "Central European zonal 2 (w)"]
[Site "Graz AUT"]
[Date "1991.??.??"]
[Round "?"]
[White "Mira, Helene"]
[Black "Podrazhanskaya, Olga"]
[Result "1-0"]
[WhiteElo "2140"]
[BlackElo "2100"]
[EventDate "1991.??.??"]
[PlyCount "85"]

1.Nf3 Nf6 2.g3 g6 3.Bg2 Bg7 4.O-O c6 5.c4 d6 6.Nc3 O-O 7.d4 Qa5 8.Qd3 e5 
9.dxe5 dxe5 10.Rd1 Nbd7 11.Qc2 Re8 12.a3 Qc5 13.Nd2 Nf8 14.Nde4 Qe7 15.Bg5
Bf5 16.b4 Ne6 17.Bxf6 Bxf6 18.Nxf6+ Qxf6 19.Ne4 Qe7 20.Qb2 Nd4 21.e3 Bxe4 
22.Bxe4 Nf5 23.c5 Rad8 24.Qb3 Ng7 25.Rxd8 Rxd8 26.Rd1 Rxd1+ 27.Qxd1 Ne6 
28.h4 Kg7 29.Bb1 f5 30.Ba2 Kf6 31.f4 Qd8 32.Qa1 Qc7 33.Qc3 Ke7 34.fxe5 Qd7
35.Bb3 Nc7 36.a4 Nd5 37.Qd4 Kd8 38.b5 Nc7 39.Bc4 Qxd4 40.exd4 Ke7 41.Kf2 
h6 42.b6 axb6 43.cxb6 1-0

[Event "Central European zonal 2 (w)"]
[Site "Graz AUT"]
[Date "1991.??.??"]
[Round "?"]
[White "Podrazhanskaya, Olga"]
[Black "Horvath, Maria"]
[Result "1-0"]
[WhiteElo "2100"]
[BlackElo "2065"]
[EventDate "1991.??.??"]
[PlyCount "109"]

1.f4 d5 2.Nf3 c5 3.e3 Nc6 4.Bb5 Bg4 5.Bxc6+ bxc6 6.d3 Nf6 7.O-O g6 8.h3 
Bxf3 9.Qxf3 Bg7 10.Nc3 O-O 11.e4 e6 12.g4 Nd7 13.Kh1 f5 14.gxf5 gxf5 15.e5
Kh8 16.Bd2 Qh4 17.Be1 Qh6 18.Rg1 Rg8 19.Bf2 Bf8 20.Rxg8+ Kxg8 21.Rg1+ Kf7 
22.Ne2 Be7 23.Qg2 Rh8 24.d4 c4 25.b3 cxb3 26.axb3 Rc8 27.c4 dxc4 28.bxc4 
Nb6 29.d5 Nxc4 30.dxe6+ Qxe6 31.Nd4 Qd5 32.Nxf5 Qxg2+ 33.Rxg2 Bf8 34.Bxa7 
Ra8 35.Bg1 Ra3 36.Rc2 Ra4 37.Kg2 Ke6 38.Ng3 Bh6 39.Kf3 Ra3+ 40.Kg4 Kd5 41.
Re2 Bf8 42.Nh5 Be7 43.h4 c5 44.Nf6+ Bxf6 45.exf6 Ra8 46.Re7 Rf8 47.Kg5 Nd6
48.Re5+ Kc6 49.Bxc5 Rg8+ 50.Kh5 Rg6 51.Bxd6 Kxd6 52.Rf5 Rg8 53.f7 Rf8 54.
Kh6 Ke6 55.Kg7 1-0

[Event "Central European zonal 2 (w)"]
[Site "Graz AUT"]
[Date "1991.??.??"]
[Round "?"]
[White "Podrazhanskaya, Olga"]
[Black "Kas-Fromm, Rita"]
[Result "0-1"]
[WhiteElo "2100"]
[BlackElo "2260"]
[EventDate "1991.??.??"]
[PlyCount "76"]

1.f4 d5 2.Nf3 Nf6 3.b3 c5 4.Bb2 Nc6 5.e3 a6 6.Ne5 e6 7.d4 Nxe5 8.dxe5 Ne4 
9.Qf3 Qa5+ 10.c3 b5 11.Bd3 Bb7 12.O-O c4 13.Bc2 Qc7 14.b4 f5 15.exf6 gxf6 
16.Qh5+ Qf7 17.Qxf7+ Kxf7 18.Bxe4 dxe4 19.a4 Bh6 20.Na3 Bc6 21.axb5 axb5 
22.Nc2 Ke7 23.Nd4 Bd7 24.Kf2 e5 25.fxe5 fxe5 26.Nc2 Rhf8+ 27.Ke2 Bg4+ 28.
Ke1 Rxa1+ 29.Bxa1 Rd8 30.h3 Rd1+ 31.Kf2 Rd2+ 32.Kg3 Bd1 33.Na3 Bxe3 34.
Nxb5 Bf4+ 35.Kh4 e3 36.Nd4 e2 37.Nxe2 Bxe2 38.Re1 Ra2 0-1

[Event "Central European zonal 2 (w)"]
[Site "Graz AUT"]
[Date "1991.??.??"]
[Round "?"]
[White "Podrazhanskaya, Olga"]
[Black "Kunze, Kerstin"]
[Result "1-0"]
[WhiteElo "2100"]
[BlackElo "2160"]
[EventDate "1991.??.??"]
[PlyCount "79"]

1.d4 g6 2.c4 Bg7 3.Nc3 Nf6 4.e4 d6 5.f4 O-O 6.Nf3 c5 7.d5 a6 8.a4 e6 9.Be2
exd5 10.e5 dxe5 11.fxe5 Ng4 12.Bg5 Qa5 13.cxd5 Nxe5 14.O-O Qb4 15.Be7 Re8 
16.d6 Be6 17.Nd5 Qxb2 18.Nc7 Nxf3+ 19.Bxf3 Qxa1 20.Qxa1 Bxa1 21.Rxa1 Nd7 
22.Nxa8 Rxa8 23.Bxb7 Rb8 24.Bxa6 Rb2 25.Bg5 c4 26.Be3 Bd5 27.Bd4 Rxg2+ 28.
Kf1 Rxh2 29.Bc8 Bc6 30.a5 Rd2 31.Bxd7 Bxd7 32.Bc5 c3 33.Bb4 Rd4 34.a6 Bb5+
35.Ke1 Rxb4 36.a7 Bc6 37.d7 Re4+ 38.Kf2 Rf4+ 39.Ke3 Rf3+ 40.Kd4 1-0

[Event "Central European zonal 2 (w)"]
[Site "Graz AUT"]
[Date "1991.??.??"]
[Round "?"]
[White "Podrazhanskaya, Olga"]
[Black "Segal, Anna"]
[Result "1-0"]
[WhiteElo "2100"]
[BlackElo "2095"]
[EventDate "1991.??.??"]
[PlyCount "71"]

1.e4 c5 2.Nc3 e6 3.g3 d5 4.exd5 exd5 5.Bg2 Nf6 6.d4 Be6 7.Nge2 Nc6 8.O-O 
cxd4 9.Nxd4 Be7 10.Re1 Nxd4 11.Qxd4 O-O 12.h3 Qd7 13.g4 h6 14.g5 hxg5 15.
Bxg5 Rfd8 16.Rad1 Rac8 17.Bf1 Re8 18.Qh4 a6 19.Re3 Bf5 20.Rxe7 Qxe7 21.
Nxd5 Nxd5 22.Bxe7 Nxe7 23.Re1 Ng6 24.Rxe8+ Rxe8 25.Qb4 b5 26.Bd3 Bxh3 27.
Qd6 Ne5 28.Kh2 Bc8 29.Kg3 g6 30.a4 bxa4 31.Bxa6 Bd7 32.f4 Re6 33.Qb8+ Kg7 
34.fxe5 Rxa6 35.Qb7 a3 36.Qxa6 1-0

[Event "Central European zonal 2 (w)"]
[Site "Graz AUT"]
[Date "1991.??.??"]
[Round "?"]
[White "Segal, Anna"]
[Black "Fischdick, Gisela"]
[Result "1/2-1/2"]
[WhiteElo "2095"]
[BlackElo "2275"]
[EventDate "1991.??.??"]
[PlyCount "30"]

1.d4 d5 2.c4 c6 3.Nc3 Nf6 4.Bg5 Ne4 5.Nxe4 dxe4 6.Qd2 Bf5 7.e3 h6 8.Bh4 
Qd7 9.Ne2 e6 10.Nc3 Bd6 11.a3 O-O 12.Be2 Be7 13.Bxe7 Qxe7 14.O-O Nd7 15.
Rfd1 Rfd8 1/2-1/2

[Event "Central European zonal 2 (w)"]
[Site "Graz AUT"]
[Date "1991.??.??"]
[Round "?"]
[White "Segal, Anna"]
[Black "Horvath, Maria"]
[Result "1-0"]
[WhiteElo "2095"]
[BlackElo "2065"]
[EventDate "1991.??.??"]
[PlyCount "75"]

1.d4 Nf6 2.c4 e6 3.Nc3 Bb4 4.e3 O-O 5.Bd3 d5 6.cxd5 exd5 7.Ne2 c6 8.O-O a5
9.Bc2 Re8 10.f3 Na6 11.a3 Bd6 12.e4 Bb8 13.Qd3 c5 14.e5 c4 15.Qd1 Nd7 16.
Nxd5 Nf8 17.Ndc3 Nc7 18.Be4 f5 19.exf6 Qxf6 20.Bf4 Ng6 21.Bg3 Ne6 22.Qa4 
Rd8 23.Qxc4 Bxg3 24.hxg3 Kh8 25.Nd5 Qf8 26.Rfd1 b5 27.Qd3 Rb8 28.Rac1 Qd6 
29.Ne3 b4 30.Nc4 Qe7 31.Bxg6 hxg6 32.Ne5 Nf8 33.Nc6 Qd6 34.Nxb8 Qxb8 35.
axb4 axb4 36.d5 Qb6+ 37.Qd4 Qb5 38.Qh4+ 1-0

[Event "Central European zonal 2 (w)"]
[Site "Graz AUT"]
[Date "1991.??.??"]
[Round "?"]
[White "Segal, Anna"]
[Black "Hund, Isabel"]
[Result "1-0"]
[WhiteElo "2095"]
[BlackElo "2080"]
[EventDate "1991.??.??"]
[PlyCount "55"]

1.e4 e5 2.Nf3 Nc6 3.Bb5 a6 4.Ba4 Nf6 5.O-O Nxe4 6.d4 b5 7.Bb3 d5 8.dxe5 
Be6 9.Nbd2 Nc5 10.Qe2 Bg4 11.c3 Be7 12.Bc2 Bh5 13.b4 Ne6 14.a4 Rb8 15.axb5
axb5 16.Re1 O-O 17.Nf1 f6 18.Bf5 Ng5 19.Bxg5 fxg5 20.Ng3 Bf7 21.Ra6 Qe8 
22.Qd3 Kh8 23.e6 Bg8 24.Qxd5 Nd8 25.Ne5 c6 26.Qe4 Nxe6 27.Bxe6 Bxe6 28.
Nxc6 1-0

[Event "Central European zonal 2 (w)"]
[Site "Graz AUT"]
[Date "1991.??.??"]
[Round "?"]
[White "Segal, Anna"]
[Black "Jahn, Constanze"]
[Result "1/2-1/2"]
[WhiteElo "2095"]
[BlackElo "2175"]
[EventDate "1991.??.??"]
[PlyCount "57"]

1.f4 d5 2.Nf3 c5 3.e3 Nf6 4.Bb5+ Bd7 5.Be2 e6 6.d4 Nc6 7.c3 Be7 8.O-O O-O 
9.Nbd2 Ng4 10.Nb3 c4 11.h3 Nh6 12.Nbd2 Nf5 13.Nb1 Ng3 14.Re1 f5 15.b3 b5 
16.a4 Na5 17.bxc4 bxc4 18.Nbd2 Rb8 19.Kh2 Nxe2 20.Rxe2 Nb3 21.Nxb3 Rxb3 
22.Qe1 Bd6 23.Rc2 Qe7 24.Kh1 Rfb8 25.Nd2 R3b6 26.Raa2 Be8 27.Qf2 Bh5 28.
Qe1 h6 29.Kh2 1/2-1/2

[Event "Central European zonal 2 (w)"]
[Site "Graz AUT"]
[Date "1991.??.??"]
[Round "?"]
[White "Segal, Anna"]
[Black "Lematschko, Tatjana"]
[Result "0-1"]
[WhiteElo "2095"]
[BlackElo "2290"]
[EventDate "1991.??.??"]
[PlyCount "124"]

1.e4 d6 2.d4 Nf6 3.Nc3 g6 4.Nf3 Bg7 5.h3 c6 6.Be3 b5 7.e5 dxe5 8.dxe5 
Qxd1+ 9.Rxd1 Nfd7 10.e6 fxe6 11.Ng5 Bxc3+ 12.bxc3 Nf6 13.c4 a6 14.Bc5 h6 
15.Nf3 Nbd7 16.Bd4 c5 17.Be3 b4 18.Bd3 Kf7 19.Nd2 Bb7 20.O-O g5 21.f3 a5 
22.Be2 Rhg8 23.Nb3 Rac8 24.Nxa5 Ba8 25.Rf2 Rc7 26.Nb3 Bb7 27.Bf1 e5 28.Rc1
Ra8 29.c3 bxc3 30.Rxc3 e4 31.fxe4 Bxe4 32.Bd3 Bg6 33.Bxg6+ Kxg6 34.Re2 Ne4
35.Rd3 Ndf6 36.Rc2 Ra4 37.Rd8 Kf7 38.Rb8 Nd7 39.Rh8 Kg7 40.Rd8 Nb6 41.Nd4 
Kh7 42.Ne6 Rc6 43.Nf8+ Kg7 44.Nd7 Rxc4 45.Re2 Nxd7 46.Rxd7 Kf7 47.Bf2 Re6 
48.Rc7 h5 49.a4 Rxa4 50.Bxc5 Ra1+ 51.Kh2 Nxc5 52.Rf2+ Rf6 53.Rxf6+ Kxf6 
54.Rxc5 h4 55.Rb5 e5 56.Rb8 e4 57.Re8 Kf5 58.g4+ Kf4 59.Rf8+ Ke3 60.Rf5 
Kd4 61.Kg2 e3 62.Kf3 Ra2 0-1

[Event "Central European zonal 2 (w)"]
[Site "Graz AUT"]
[Date "1991.??.??"]
[Round "?"]
[White "Segal, Anna"]
[Black "Mira, Helene"]
[Result "1-0"]
[WhiteElo "2095"]
[BlackElo "2140"]
[EventDate "1991.??.??"]
[PlyCount "81"]

1.e4 g6 2.d4 Bg7 3.Nf3 Nf6 4.Nc3 c6 5.h3 d5 6.e5 Nfd7 7.Be3 f6 8.exf6 exf6
9.Bd3 O-O 10.O-O Re8 11.Qd2 Nf8 12.Rae1 Be6 13.Ne2 Nbd7 14.Bh6 Bh8 15.Nh2 
Bf7 16.h4 f5 17.h5 Ne6 18.Nf4 Ndf8 19.Nf3 Qf6 20.hxg6 hxg6 21.Bxf8 Nxf8 
22.Ne5 Qg5 23.Qe3 Bf6 24.Qf3 Re7 25.Nxf7 Kxf7 26.Rxe7+ Bxe7 27.Re1 Bd6 28.
Nxd5 Ne6 29.Bc4 Nxd4 30.Qd3 cxd5 31.Qxd4 dxc4 32.Qd5+ Kg7 33.Qxb7+ Kh6 34.
Qxa8 Qd2 35.Qh8+ Kg5 36.Qc3 Qd5 37.Qf3 Qa5 38.Re6 Qc7 39.Qe3+ Bf4 40.Qh3 
Qd7 41.g3 1-0

[Event "Central European zonal 2 (w)"]
[Site "Graz AUT"]
[Date "1991.??.??"]
[Round "?"]
[White "Weiss, Ursula"]
[Black "Fischdick, Gisela"]
[Result "1/2-1/2"]
[WhiteElo "2055"]
[BlackElo "2275"]
[EventDate "1991.??.??"]
[PlyCount "39"]

1.e4 c5 2.d3 g6 3.g3 Bg7 4.Bg2 Nc6 5.Nc3 d6 6.f4 Nf6 7.Nf3 O-O 8.O-O Rb8 
9.h3 b5 10.g4 b4 11.Ne2 Ba6 12.f5 Nd7 13.fxg6 fxg6 14.Nf4 Nd4 15.Ng5 Qe8 
16.Nge6 Nxe6 17.Nxe6 Rxf1+ 18.Qxf1 Qf7 19.Qxf7+ Kxf7 20.Nxg7 1/2-1/2

[Event "Central European zonal 2 (w)"]
[Site "Graz AUT"]
[Date "1991.??.??"]
[Round "?"]
[White "Weiss, Ursula"]
[Black "Horvath, Maria"]
[Result "1-0"]
[WhiteElo "2055"]
[BlackElo "2065"]
[EventDate "1991.??.??"]
[PlyCount "107"]

1.Nf3 e6 2.g3 d5 3.Bg2 c5 4.d3 Nc6 5.O-O Bd6 6.Nbd2 Nge7 7.e4 O-O 8.c3 Qc7
9.Re1 f6 10.Nf1 d4 11.c4 e5 12.h4 Be6 13.N1h2 a6 14.h5 g5 15.hxg6 hxg6 16.
Nh4 g5 17.N4f3 Ng6 18.Bxg5 fxg5 19.Nxg5 Bc8 20.Qh5 Rf6 21.Bh3 Bf8 22.Bxc8 
Rxc8 23.Ng4 Rd6 24.Kg2 Qg7 25.Rh1 Qh8 26.Nf6+ Rxf6 27.Qg4 Qg7 28.Rh7 Re8 
29.Rxg7+ Bxg7 30.Qh5 Nb4 31.Qh7+ Kf8 32.Qh3 Nxd3 33.Nh7+ Kf7 34.Nxf6 Ndf4+
35.gxf4 Nxf4+ 36.Kg3 Nxh3 37.Nxe8 Kxe8 38.Kxh3 b5 39.b3 Kd7 40.Kg4 Bh6 41.
Rd1 Kc6 42.Kf5 Bf4 43.Ke6 a5 44.a4 b4 45.Rd3 Bh2 46.Rf3 Bf4 47.Rh3 Kc7 48.
Kd5 Kb6 49.Kd6 Ka6 50.Kxc5 Bd2 51.Kd6 Bf4 52.c5 Ka7 53.c6 Bg5 54.Kd7 1-0

[Event "Central European zonal 2 (w)"]
[Site "Graz AUT"]
[Date "1991.??.??"]
[Round "?"]
[White "Weiss, Ursula"]
[Black "Kunze, Kerstin"]
[Result "0-1"]
[WhiteElo "2055"]
[BlackElo "2160"]
[EventDate "1991.??.??"]
[PlyCount "70"]

1.e4 g6 2.d3 Bg7 3.g3 e5 4.Bg2 Ne7 5.Nf3 O-O 6.O-O c5 7.Nbd2 d6 8.c3 Nbc6 
9.a4 h6 10.Nc4 Be6 11.Nfd2 f5 12.Ne3 f4 13.Nd5 g5 14.Nc4 Qd7 15.Bd2 Rf7 
16.Na3 Raf8 17.Qb3 Ng6 18.Nb5 a6 19.Na3 f3 20.Bh1 Nf4 21.Bxf4 gxf4 22.Qc2 
Bh3 23.Rfd1 h5 24.Rd2 h4 25.Nc4 fxg3 26.hxg3 hxg3 27.Nce3 g2 28.Bxg2 fxg2 
29.Nxg2 Bxg2 30.Kxg2 Qg4+ 31.Kf1 Qh3+ 32.Kg1 Bh6 33.f4 Rg7+ 34.Rg2 Rf7 35.
Kf1 Qh1+ 0-1

[Event "Central European zonal 2 (w)"]
[Site "Graz AUT"]
[Date "1991.??.??"]
[Round "?"]
[White "Weiss, Ursula"]
[Black "Mira, Helene"]
[Result "0-1"]
[WhiteElo "2055"]
[BlackElo "2140"]
[EventDate "1991.??.??"]
[PlyCount "88"]

1.e4 g6 2.d3 Bg7 3.g3 d5 4.Nd2 Nf6 5.Bg2 dxe4 6.dxe4 e5 7.Ngf3 Qe7 8.O-O 
O-O 9.c3 c6 10.Qc2 Ne8 11.a4 Be6 12.b3 f6 13.Ba3 Nd6 14.Rfd1 Rd8 15.Nc4 
Bxc4 16.bxc4 Qc7 17.c5 Nf7 18.Rxd8+ Nxd8 19.Qb3+ Qf7 20.Qxf7+ Kxf7 21.Rd1 
Ke8 22.Bh3 Bf8 23.Bc8 Na6 24.Rxd8+ Kxd8 25.Bxb7 Rb8 26.Bxa6 Rb1+ 27.Kg2 
Ra1 28.Bb2 Rxa4 29.Bd3 Ra2 30.Bc1 Bxc5 31.Bd2 a5 32.Bc4 Rb2 33.Kh3 a4 34.
Bh6 Rc2 35.Ne1 Rxc3 36.Ba2 Bxf2 37.Bd2 Bxe1 38.Bxc3 Bxc3 39.Kg4 Ke7 40.Kf3
Kd6 41.Ke3 Kc5 42.Kd3 Kb4 43.g4 h6 44.h3 Ka3 0-1

[Event "Central European zonal 2 (w)"]
[Site "Graz AUT"]
[Date "1991.??.??"]
[Round "?"]
[White "Weiss, Ursula"]
[Black "Segal, Anna"]
[Result "0-1"]
[WhiteElo "2055"]
[BlackElo "2095"]
[EventDate "1991.??.??"]
[PlyCount "48"]

1.Nf3 c5 2.g3 Nc6 3.Bg2 g6 4.O-O e5 5.d3 Bg7 6.e4 Nge7 7.Nbd2 O-O 8.c3 d6 
9.a4 h6 10.Ne1 Be6 11.f4 Qd7 12.Nef3 Rad8 13.Qe2 Bg4 14.Nc4 f5 15.Bd2 exf4
16.Bxf4 d5 17.Ncd2 g5 18.Be3 d4 19.cxd4 Nxd4 20.Qf2 fxe4 21.dxe4 Bxf3 22.
Bxf3 g4 23.Bxg4 Qxg4 24.Qg2 b6 0-1